| 000 | 00864nam a22001937a 4500 | ||
|---|---|---|---|
| 008 | 100707s2000 xxu||||| |||| 00| 0 ara d | ||
| 082 |
_222 _a398.2 _bس ل ي |
||
| 100 | 1 |
_916037 _aسليم ، لطفى حسين |
|
| 245 |
_aالطفل في التراث الشعبي / _cلطفى حسين سليم |
||
| 260 |
_aالقاهرة : _bالهيئة العمة لقصور الثقافة ، _c2000. |
||
| 300 |
_a190 ص : _c20 سم. |
||
| 490 |
_914652 _aمكتبة الدراسات الشعبية _n49 |
||
| 500 | _aيحتوي على فهرس | ||
| 541 |
_aألف باء ؛ _cشراء ؛ |
||
| 650 |
_916039 _aالفلكلور |
||
| 650 |
_916040 _aالأدب الشعبي |
||
| 942 |
_2ddc _cBB |
||
| 999 |
_c14430 _d14430 |
||